000 00812nem a2200289 a 4500
001 000111513
003 CHAP
005 20220329144215.0
008 150514s2014 it ||||||||| |r|||||eng d
010 _a107975
011 _a108947
020 _a9789251085486
040 _cCHAP
090 _aFolleto 18496
245 0 4 _aThe international code of conduct on pesticide management /
_cpor FAO.
260 _aRoma :
_bFAO,
_cc2014.
300 _aviii, 37 p.
504 _aIncluye bibliografía referencia
590 _aE11695DGD
_b10
_c20150515
_lUCH01
_h0946
590 _aE5995AHE
_b05
_c20150514
_lUCH01
_h1033
590 _aE5995AHE
_b05
_c20150514
_lUCH01
_h1034
650 1 4 _aAgricultura
_xLeyes
_91720
710 0 _aWorld Health Organization.
_9122724
901 _aMP
942 _cFOLL
942 _n0
999 _c107975
_d107975